Estadísticas para Mayores goleadores del Deportivo de A Coruña

Haz click aquí para intentar la prueba.

Estadísticas generales

  • Esta prueba ha sido intentada 46 veces
  • La puntuación promedio es 6 de 20

Estadísticas de respuestas

HintRespuesta% Correcto
86Bebeto
83%
77Diego Tristán
72%
44Fran
72%
32Lucas Pérez
69%
38Djalminha
67%
79Roy Makaay
64%
38Donato
53%
31Walter Pandiani
42%
38Riki
36%
29Víctor
33%
46Pahiño
8%
32Arsenio Iglesias
6%
35Claudio Barragán
6%
33Dagoberto Moll
3%
36Guimerans
3%
33Marquinez
3%
42Rafael Franco
3%
39Tino
3%
30Bazan
0%
36Osvaldo García
0%

Distribución de puntuación

Porcentaje por número respondido

Porcentaje de gente con cada puntuación

Historial de tus puntuaciones

No has intentado esta prueba.